Nederlandse provincies - Sudden death - Statistics

General Stats
  • This quiz has been taken 1,046 times
  • The average score is 9 of 12
Answers on the Grid
Answers color-coded by a green-red scale on the quiz's grid according to % correct below.
Noord-Holland
Henegouwen
Zuid-Holland
Rivierenland
Utrecht
Amsterdam
Twente
Limburg
Gelderland
West-Friesland
Overijssel
Achterhoek
Rotterdam
Groningen
Friesland
Drenthe
Antillen
Noord-Brabant
Zeeland
Flevoland
 
Answer Stats
Answer % Correct
Noord-Holland
96%
Utrecht
84%
Zuid-Holland
81%
Gelderland
79%
Limburg
72%
Noord-Brabant
72%
Groningen
70%
Zeeland
70%
Friesland
69%
Flevoland
68%
Overijssel
67%
Drenthe
65%
No matching quizzes found
Score Distribution
Percent of People with Each Score
Percentile by Number Answered
Your Score History
You have not taken this quiz